000 00887 a2200445 4500
000 BKB
001 070446
005 20200902150830.0
008
010 _a
020 _a
082 _a519.5
_bD26A
100 1 _aDas Gupta, Anirban
110 _a
245 1 _aAsymptotic theory of statistics and probability
_cby Anirban Das Gupta
250 _a
260 _aNew York
_bSpringer
_c2008
300 _a722p.
490 _a
_v
500 _a
600 _a
610 _a
611 _a
630 _a
650 _a
651 _a
654 _a
690 _aAsymptotic; statistics-probability
700 _a
_b
_c
710 _a
_b
_c
711 _a
720 _a
730 _a
740 _a
752 _a
856 _a
_d
_f
904 _a
964 _a
_bEND
_c
_d
_e
_f
_g
965 _a
999 _c3892
_d3892